000 00508nam a22001577a 4500
003 macl
005 20170906130337.0
008 170906b xxu||||| |||| 00| 0 eng d
040 _cmacl
082 _a954
100 _aविध्‍यालंकर,डॉ. धर्मचन्‍द्र
_969006
245 _aजाटों का नया इतिहास
260 _aदिल्‍ली
_bअखिल भारती
_c2016
650 _aइतिहास
_969007
942 _2ddc
_cHIN
999 _c56986
_d56986